000 00439pab a2200169 454500
008 180718b1983 xxu||||| |||| 00| 0 eng d
245 _aFinancial management and accountability (Document)
260 _c1983
300 _ap.714-731.
362 _aJul-Sep
650 _aDocument
650 _aAccountability
650 _aFinancial administration
773 _aIndian Journal of Public Administration
908 _aN
909 _a87899
999 _c87899
_d87899